Statistics for British Army Ranks

Click here to take the quiz!

General Stats

  • This quiz has been taken 2,855 times
    (2,853 since last reset)
  • The average score is 12 of 17

Answer Stats

NATO Code Rank % Correct
OR-1/2Private
94%
OF-9General
89%
OR-6Sergeant
88%
OF-3Major
87%
OR-5Corporal
87%
OF-2Captain
85%
OF-1Second Lieutenant / Lieutenant
84%
OF-5Colonel
82%
OF-6Brigadier
72%
OR-4Lance-Corporal
69%
OF-10Field Marshal
62%
OF-7Major-General
61%
OR-7Staff Sergeant
61%
OF-4Lieutenant-Colonel
58%
OF-8Lieutenant-General
54%
OR-9Warrant Officer Class 1
34%
OR-8Warrant Officer Class 2
33%

Score Distribution

Percentile by Number Answered

Percent of People with Each Score

Your Score History

You have not taken this quiz since the last reset